000 00315nam a22001337a 4500
020 _a8174090592
082 _a621.31 VAD
100 _aS. S. Vadhera
245 _aPower system analysis & stabiligy
260 _aDelhi
_bKhanna Publishers
_c2013
300 _a1006p.
650 _aElectric power systems
942 _cBK
999 _c13720
_d13720